| 000 | 00994nam a22003017a 4500 | ||
|---|---|---|---|
| 003 | CHAP | ||
| 005 | 20220329135726.0 | ||
| 008 | 971013s r 00010 d | ||
| 010 | _a41139 | ||
| 011 | _a42111 | ||
| 035 | _a46238 | ||
| 040 | _cCHAP | ||
| 090 | _aR-2007 | ||
| 100 | 0 | 0 |
_aMukerji, S. K. _979406 |
| 245 | _aMalate dehydrogenase (decarboxylating) (NADP) isoenzymes of Opuntia stem tissue: mitochondria chloroplast, and soluble forms | ||
| 500 | _aSobretiro de: Biochim. Biophys. Acta 167: 239-249, 1968 | ||
| 590 |
_aBATCH-UPD _b10 _c20130110 _lUCH01 _h1050 |
||
| 590 |
_aBATCH-UPD _b10 _c20130410 _lUCH01 _h0647 |
||
| 590 |
_aBATCH-UPD _b10 _c20130914 _lUCH01 _h0944 |
||
| 590 |
_aCONVERSION _b10 _c20130109 _lUCH01 _h1323 |
||
| 650 | 1 | 4 |
_aCitología e histología vegetales. _923495 |
| 650 | 1 | 4 |
_aEnzimas. _937195 |
| 650 | 1 | 4 |
_aNopal _xAnálisis. _981650 |
| 700 | 0 |
_aTing, Irwin P. _9113362 |
|
| 901 | _aBK | ||
| 942 | _cREIMP | ||
| 949 |
_aR-2007 _bBC _cR _d-105383 _eTS1 _i46238 _si |
||
| 999 |
_c41139 _d41139 |
||